1183 1987 1304 1559 1770 1917 1305 1384 1820 1418 1123 1460 1715 1699 1428 1089 1607 1344 1790 1069 1719 1426 1131 1404 1604 1077 1280 1365 1484 1220 1903 1522 1385 1419 1770 1735 1475 1512 1972 1558 1738 1303 1173 1013 1732 1569 1543 1143 1959 1103 1051 1216 2000 1133 1644 1547 1327 1400 1519 1158 1647 1885 1819 1118 1591 1505 1059 1168 1449 1030 1994 1474 1427 1821 1287 1196 1707 1123 1110 1302 1464 1342 1528 1582 1812 1069 1189 1125 1417 1563 1927 1638 1842 1158 1003 1652 1267 1991 1505 BCNSPRNW ULIB Ver.6.0+V

เปลี่ยนเป็นภาษาไทย

Change to English
 แสดงรายละเอียดบรรณานุกรม
  กลับหน้าหลัก

Brief Record : Get Marc (ISO 2709) : E-mail record : QR code < ปิดหน้าต่าง
LEADER : 00000nam 2200000uu 4500
001    13399128409
003     ULIB
008    230815s2565||||th 000 0 tha d
020    ^a9789740341383
060 04 ^aWY152.3^bว492ก
100 0  ^aวาสินี วิเศษฤทธิ์
245 10 ^aการดูแลแบบประคับประคอง :^bการออกแบบระบบบริการและการพัฒนาสมรรถนะพยาบาลวิชาชีพ /^cวาสินีวิเศษฤทธิ์
250    ^aพิมพ์ครั้งที่ 1
260    ^aกรุงเทพฯ :^bสำนักพิมพ์จุฬาลงกรณ์มหาวิทยาลัย,^c2565
300    ^aก-ฌ, 189 หน้า :^bภาพประกอบ ;^c26 ซม.
650  4 ^aการรักษาเพื่อบรรเทาอาการ
650  4 ^aผู้ป่วยระยะสุดท้าย^xการดูแล
650  4 ^aผู้ป่วยหนัก, การดูแล
945    ^p320^l0^i010099
945    ^p320^l0^i010100
945    ^p320^l0^i010101
945    ^p320^l0^i010102
945    ^p320^l0^i010103
945    ^p320^l0^i010104
945    ^p320^l0^i010105
945    ^p320^l0^i010106
945    ^p320^l0^i010107
945    ^p320^l0^i010108
999    ^aประนอม เกษจรัล
รายการนี้ยังไม่มีแท็ก
คุณยังไม่ได้ล็อกอิน คุณสามารถมีกิจกรรมร่วมกับเว็บไซต์ได้ แต่ต้องล็อกอินก่อน ::
  ล็อกอิน

รายการสื่อสารสนเทศ

ลำดับที่ ประเภท เลขเรียก/บาร์โค้ด สถานที่ สถานะ
1. Book การพยาบาล
หนังสือสำรอง
สถานะ=หนังสือสำรอง
WY152.3 ว492ก ฉ.1 
  Barcode: 010099
ห้องสมุดวิทยาเขตสวรรค์ประชารักษ์
►หนังสือทั่วไป
บนชั้น
2. Book การพยาบาล
Book การพยาบาล
WY152.3 ว492ก ฉ.10 
  Barcode: 010108
ห้องสมุดวิทยาเขตสวรรค์ประชารักษ์
►หนังสือทั่วไป
บนชั้น
3. Book การพยาบาล
Book การพยาบาล
WY152.3 ว492ก ฉ.2 
  Barcode: 010100
ห้องสมุดวิทยาเขตสวรรค์ประชารักษ์
►หนังสือทั่วไป
บนชั้น
4. Book การพยาบาล
Book การพยาบาล
WY152.3 ว492ก ฉ.3 
  Barcode: 010101
ห้องสมุดวิทยาเขตสวรรค์ประชารักษ์
►หนังสือทั่วไป
บนชั้น
5. Book การพยาบาล
Book การพยาบาล
WY152.3 ว492ก ฉ.4 
  Barcode: 010102
ห้องสมุดวิทยาเขตสวรรค์ประชารักษ์
►หนังสือทั่วไป
บนชั้น
6. Book การพยาบาล
Book การพยาบาล
WY152.3 ว492ก ฉ.5 
  Barcode: 010103
ห้องสมุดวิทยาเขตสวรรค์ประชารักษ์
►หนังสือทั่วไป
บนชั้น
7. Book การพยาบาล
Book การพยาบาล
WY152.3 ว492ก ฉ.6 
  Barcode: 010104
ห้องสมุดวิทยาเขตสวรรค์ประชารักษ์
►หนังสือทั่วไป
บนชั้น
8. Book การพยาบาล
Book การพยาบาล
WY152.3 ว492ก ฉ.7 
  Barcode: 010105
ห้องสมุดวิทยาเขตสวรรค์ประชารักษ์
►หนังสือทั่วไป
บนชั้น
9. Book การพยาบาล
Book การพยาบาล
WY152.3 ว492ก ฉ.8 
  Barcode: 010106
ห้องสมุดวิทยาเขตสวรรค์ประชารักษ์
►หนังสือทั่วไป
บนชั้น
10. Book การพยาบาล
Book การพยาบาล
WY152.3 ว492ก ฉ.9 
  Barcode: 010107
ห้องสมุดวิทยาเขตสวรรค์ประชารักษ์
►หนังสือทั่วไป
บนชั้น

รายการใกล้เคียง
    ผู้แต่ง [วาสินี วิเศษฤทธิ์]

    หัวเรื่อง [การรักษาเพื่อบรรเทาอาการ]
    หัวเรื่อง [ผู้ป่วยหนัก, การดูแล]

BibComment


ยังไม่เคยถูกคอมเมนท์

คอมเมนท์ทรัพยากรรายการนี้
  คอมเมนท์: การดูแลแบบประคับ..


 Copyright 2026. Bcnsprnw @Library